Every Character In Percy Jackson And The Olympians By Letter-K - Statistics

General Stats
  • This quiz has been taken 7 times
  • The average score is 3 of 7
Answer Stats
Times Mentioned Answer % Correct
436 Kronos
100%
6 Krios
67%
43 Kampe
50%
9 Katie Gardner
50%
60 Kelli
50%
1 Kayla
0%
1 Keto
0%
No matching quizzes found
Score Distribution
Percent of People with Each Score
Percentile by Number Answered
Your Score History
You have not taken this quiz